The new men

Gardado en:
Detalles Bibliográficos
Autor Principal: Snow, C. P.
Formato: Libro
Idioma:Undetermined
Publicado: Gran Bretaña Penguin Books 1962
Materias:
Etiquetas: Engadir etiqueta
Sen Etiquetas, Sexa o primeiro en etiquetar este rexistro!

MARC

LEADER 00000nam a2200000Ia 4500
008 170316s9999 xx 000 0 und d
040 |a cru BVZT 
090 |a 820 S-13n 
100 |a Snow, C. P. 
245 4 |a The new men 
260 |a Gran Bretaña 
260 |b Penguin Books 
260 |c 1962 
300 |a 236 páginas 
650 |a LITERATURA INGLESA 
999 |c 7071  |d 7071 
942 |c 15 D  |h 820 S-13n  |2 z